| 000 | 00358nam a2200133Ia 4500 | ||
|---|---|---|---|
| 005 | 20251222143304.0 | ||
| 008 | 251222s9999||||xx |||||||||||||| ||spa|| | ||
| 020 | _a84-7884-171-7 | ||
| 082 | _a370.193.42/D52 | ||
| 100 | _aDelgado, Francisco | ||
| 245 | 0 | _aLa Escuela que Incluye Las Diferencias, Excluye Las Desigualdades | |
| 264 | _bCeapa | ||
| 942 | _cLIB | ||
| 999 |
_c15447 _d15447 |
||